El presidente Johnson / (Record no. 144277)

MARC details
000 -LEADER
campo de control de longitud fija 00581nam a2200193 4500
001 - NÚMERO DE CONTROL
campo de control 144277
003 - IDENTIFICADOR DE NÚMERO DE CONTROL
campo de control ES-MaACL
005 - FECHA Y HORA DE LA ÚLTIMA TRANSACCIÓN
campo de control 20230906201000.0
007 - CAMPO FIJO DE DESCRIPCIÓN FÍSICA--INFORMACIÓN GENERAL
campo de control de longitud fija t|
008 - DATOS DE LONGITUD FIJA--INFORMACIÓN GENERAL
campo de control de longitud fija 070214s1965 sp r ||||1| spa d
100 1# - ENTRADA PRINCIPAL--NOMBRE DE PERSONA
Nombre de persona Singer, Kurt.
9 (RLIN) 106627
245 13 - MENCIÓN DEL TÍTULO
Título El presidente Johnson /
Mención de responsabilidad, etc. Kurt Singer, Jane Sherrod ; [traducción de R. B. Costa].
250 ## - MENCION DE EDICION
Mención de edición 1ª ed.
260 ## - PUBLICACIÓN, DISTRIBUCIÓN, ETC.
Lugar de publicación, distribución, etc. Barcelona :
Nombre del editor, distribuidor, etc. Aymá,
Fecha de publicación, distribución, etc. 1965 (
Fabricante Tip. Catalana)
300 ## - DESCRIPCIÓN FÍSICA
Extensión 312 p., 12 lám. ;
Dimensiones 21 cm.
700 1# - ENTRADA AGREGADA--NOMBRE PERSONAL
Nombre de persona Sherrod, Jane.
9 (RLIN) 106109
700 1# - ENTRADA AGREGADA--NOMBRE PERSONAL
Nombre de persona Costa, R. B.
9 (RLIN) 41075
852 ## - LOCALIZACIÓN
Ubicación ES-MaACL
Número de control de estantería C-29100
Sublocalización o colección R.59497
Holdings
Estatus retirado Estado de pérdida Estado de daño No para préstamo Biblioteca de origen Biblioteca actual Ubicación en estantería Fecha de adquisición Fuente de adquisición Total de préstamos Signatura topográfica completa Código de barras Visto por última vez Precio de reemplazo Tipo de ítem Koha
        Biblioteca del Ateneo de Madrid Biblioteca del Ateneo de Madrid Depósito 2 17/01/2008     C-29100 1150107 23/02/2023 23/02/2023 Libro impreso